LEADER 01321nas 2200397 450 001 9910713067903321 005 20200319120138.0 035 $a(CKB)5470000002499522 035 $a(OCoLC)1145279320 035 $a(EXLCZ)995470000002499522 100 $a20200319a19uu9999 |a 101 0 $aeng 135 $aur||||||||||| 181 $ctxt$2rdacontent 182 $cc$2rdamedia 183 $acr$2rdacarrier 200 00$aArmy vector-borne disease report /$fArmy Institute of Public Health, USAPHC 210 1$a[Aberdeen Proving Ground, Maryland] :$cUSAPHC 215 $a1 online resource (volumes) 606 $aVector control$vPeriodicals 606 $aInsects as carriers of disease$vPeriodicals 606 $aMilitary dependents$zUnited States$vPeriodicals 607 $aUnited States$xArmed Forces$vPeriodicals 615 0$aVector control 615 0$aInsects as carriers of disease 615 0$aMilitary dependents 712 02$aArmy Institute of Public Health (U.S.), 712 02$aU.S. Army Public Health Command, 712 02$aU.S. Army Public Health Center (Provisional), 712 02$aU.S. Army Public Health Center, 801 0$bGPO 801 1$bGPO 906 $aDOCUMENT 912 $a9910713067903321 996 $aArmy vector-borne disease report$93269160 997 $aUNINA